000 00649cam a22002531 4500
001 sa 68001811
003 DLC
005 20260227112437.0
008 820601s1967 ii 000 0 tamx
010 _asa 68001811
020 _cRs2.25
025 _aPL480: I-T-1798
035 _a(OCoLC)34898745
040 _aDLC
_cMnU
_dDLC
042 _apremarc
050 0 0 _aPL4758.9.P39
_bT5
100 1 _aPerumāḷ, S. I.
245 1 0 _aTīpam eriyaṭṭum.
_c[El̲utiyavar] Perumān̲.
250 _a[1. patippu]
260 _aCen̲n̲ai,
_bKuyilan̲ Patippakam
_c[1967]
300 _a114 p.
_c19 cm.
500 _aIn Tamil.
500 _aA play.
999 _c78243
_d78243